[Event "Winnipeg TNT May op"]
[Site "Winnipeg"]
[Date "2017.05.09"]
[Round "2"]
[White "Einarsson, Ken"]
[Black "Stark, Jamie"]
[Result "1-0"]
[WhiteElo "1752"]
[BlackElo "1228"]
[PlyCount "123"]
[EventDate "2017.05.02"]
[EventType "swiss"]
[EventRounds "5"]
[EventCountry "CAN"]
[SourceTitle "EXT 2022"]
[Source "ChessBase"]
[SourceDate "2021.10.06"]
[SourceVersion "1"]
[SourceVersionDate "2021.10.06"]
[SourceQuality "1"]

1. d4 d5 2. c4 c6 3. Nc3 Bf5 4. e3 Nd7 5. cxd5 cxd5 6. Nxd5 e6 7. Nc3 Bb4 8. Bd2 e5 9. dxe5 Nxe5 10. Qb3 Bxc3 11. Bxc3 Nd3+ 12. Bxd3 Bxd3 13. Rd1 Nf6 14. Bxf6 gxf6 15. Rxd3 Qa5+ 16. Rc3 Rd8 17. Ne2 Rd3 18. 0-0 Rxc3 19. Qxc3 Qxc3 20. Nxc3 0-0 21. Rd1 Rc8 22. Rd7 b5 23. g3 a6 24. Rd6 Ra8 25. Rxf6 Rd8 26. Rxa6 b4 27. Ne4 Rd1+ 28. Kg2 Rb1 29. b3 f5 30. Nf6+ Kg7 31. Nd5 Rd1 32. Nxb4 Rd7 33. Nc6 Rd6 34. Ra7+ Kg6 35. Nd4 h5 36. Rc7 Kg5 37. h4+ Kf6 38. Rc6 Rxc6 39. Nxc6 Ke6 40. Nd4+ Ke5 41. f4+ Ke4 42. Kf2 Kd5 43. Kf3 Kc5 44. a3 Kb6 45. Nxf5 Kc5 46. e4 Kc6 47. e5 Kd7 48. Ke4 Ke8 49. Ng7+ Ke7 50. f5 Kf7 51. Nxh5 Ke7 52. Kd5 Kf7 53. Kd6 Ke8 54. e6 Kf8 55. e7+ Ke8 56. f6 Kf7 57. Kd7 Kg6 58. e8Q+ Kf5 59. Qe6+ Kg6 60. f7+ Kxh5 61. Qf5+ Kh6 62. f8Q# 1-0